<?xml version="1.0" encoding="UTF-8"?><?xml-stylesheet type="text/xsl" href="static/style.xsl"?><OAI-PMH xmlns="http://www.openarchives.org/OAI/2.0/" xmlns:xsi="http://www.w3.org/2001/XMLSchema-instance" xsi:schemaLocation="http://www.openarchives.org/OAI/2.0/ http://www.openarchives.org/OAI/2.0/OAI-PMH.xsd"><responseDate>2026-04-17T16:11:52Z</responseDate><request verb="GetRecord" identifier="oai:www.recercat.cat:10256/12354" metadataPrefix="marc">https://recercat.cat/oai/request</request><GetRecord><record><header><identifier>oai:recercat.cat:10256/12354</identifier><datestamp>2024-06-18T14:32:29Z</datestamp><setSpec>com_2072_452955</setSpec><setSpec>com_2072_2054</setSpec><setSpec>col_2072_452959</setSpec></header><metadata><record xmlns="http://www.loc.gov/MARC21/slim" xmlns:dcterms="http://purl.org/dc/terms/" xmlns:xsi="http://www.w3.org/2001/XMLSchema-instance" xmlns:doc="http://www.lyncode.com/xoai" xsi:schemaLocation="http://www.loc.gov/MARC21/slim http://www.loc.gov/standards/marcxml/schema/MARC21slim.xsd">
   <leader>00925njm 22002777a 4500</leader>
   <datafield ind2=" " ind1=" " tag="042">
      <subfield code="a">dc</subfield>
   </datafield>
   <datafield ind2=" " ind1=" " tag="720">
      <subfield code="a">Bonet Sánchez, Berta</subfield>
      <subfield code="e">author</subfield>
   </datafield>
   <datafield ind2=" " ind1=" " tag="720">
      <subfield code="a">Corcoll i Cornet, Natàlia</subfield>
      <subfield code="e">author</subfield>
   </datafield>
   <datafield ind2=" " ind1=" " tag="720">
      <subfield code="a">Tlili, Ahmed</subfield>
      <subfield code="e">author</subfield>
   </datafield>
   <datafield ind2=" " ind1=" " tag="720">
      <subfield code="a">Morin, Soizic</subfield>
      <subfield code="e">author</subfield>
   </datafield>
   <datafield ind2=" " ind1=" " tag="720">
      <subfield code="a">Guasch i Padró, Helena</subfield>
      <subfield code="e">author</subfield>
   </datafield>
   <datafield ind2=" " ind1=" " tag="260">
      <subfield code="c">info:eu-repo/date/embargoEnd/2026-01-01</subfield>
   </datafield>
   <datafield ind2=" " ind1=" " tag="260">
      <subfield code="c">info:eu-repo/date/embargoEnd/2026-01-01</subfield>
   </datafield>
   <datafield ind2=" " ind1=" " tag="260">
      <subfield code="c">2014</subfield>
   </datafield>
   <datafield ind2=" " ind1=" " tag="520">
      <subfield code="a">This study aimed to explore the use of antioxidant enzyme activities (AEA) and biofilm metal accumulation capacity in natural communities as effect-based indicator of metal exposure in fluvial systems. To achieve these objectives, an active biomonitoring using fluvial biofilm communities was performed during 5 weeks. Biofilm was colonized over artificial substrata in a non-polluted site. After 5 weeks, biofilms were translocated to four different sites with different metal pollution in the same stream. The evolution of environmental parameters as well as biofilm responses was analysed over time.Physicochemical parameters were different between sampling times as well as between the most polluted site and the less polluted ones, mainly due to Zn pollution. In contrast, AEA and metal accumulation in biofilms allowed us to discriminate the high and moderate metal pollution sites from the rest. Zn, the metal with the highest contribution to potential toxicity, presented a fast and high accumulation capacity in biofilms. According to the multivariate analysis, AEA showed different responses. While catalase (CAT) and ascorbate peroxidase (APX) variability was mainly attributed to environmental stress (pH, temperature and phosphate concentration), glutathione-S-transferase (GST) changes were related to metal pollution. Glutathione reductase (GR) and superoxide dismutase (SOD) responses were related to both stress factors.AEA and metal accumulation are proposed as sensitive effect-based field methods, to evaluate biofilm responses after acute metal exposure (e.g. an accidental spill) due to their capacity to respond after few hours, but also in routinely monitoring due to their persistent changes after few weeks of exposure. These tools could improve the Common Implementation Strategy (CIS) of the Water Framework Directive (WFD) as expert group request</subfield>
   </datafield>
   <datafield ind2=" " ind1=" " tag="520">
      <subfield code="a">This study also received financial backing from the Spanish Ministry Project FLUVIAL MULTISTRESS (CTM2009-14111-C02-01),the EC Project KEY BIOEFFECTS (MRTN-CT-2006-035695) and SCARCE (Consolider-Ingenio 2010 CSD2009-00065)</subfield>
   </datafield>
   <datafield ind1="8" ind2=" " tag="024">
      <subfield code="a">http://hdl.handle.net/10256/12354</subfield>
   </datafield>
   <datafield tag="653" ind2=" " ind1=" ">
      <subfield code="a">Ecotoxicologia</subfield>
   </datafield>
   <datafield tag="653" ind2=" " ind1=" ">
      <subfield code="a">Environmental toxicology</subfield>
   </datafield>
   <datafield tag="653" ind2=" " ind1=" ">
      <subfield code="a">Biofilms</subfield>
   </datafield>
   <datafield tag="653" ind2=" " ind1=" ">
      <subfield code="a">Ecologia fluvial</subfield>
   </datafield>
   <datafield tag="653" ind2=" " ind1=" ">
      <subfield code="a">Stream ecology</subfield>
   </datafield>
   <datafield tag="653" ind2=" " ind1=" ">
      <subfield code="a">Marcadors bioquímics</subfield>
   </datafield>
   <datafield tag="653" ind2=" " ind1=" ">
      <subfield code="a">Biochemical markers</subfield>
   </datafield>
   <datafield tag="653" ind2=" " ind1=" ">
      <subfield code="a">Metalls -- Toxicologia -- Aspectes ambientals</subfield>
   </datafield>
   <datafield tag="653" ind2=" " ind1=" ">
      <subfield code="a">Metals -- Toxicology -- Environmental aspects</subfield>
   </datafield>
   <datafield ind2="0" ind1="0" tag="245">
      <subfield code="a">Antioxidant enzyme activities in biofilms as biomarker of Zn pollution in a natural system: An active bio-monitoring study</subfield>
   </datafield>
</record></metadata></record></GetRecord></OAI-PMH>